000 01010 a2200265 4500
008 080821t xxu||||| |||| 00| 0 eng d
010 _aENG-84952
020 _a8185931720
_c600.00
020 _a.
035 _aEN-68485
037 _bD.B.Act / Pub
082 _a512.9434
100 _aGolub, Gene H.
245 _aMatrix computations
_cby Gene H. Golub and Charles F. Van Loan.
250 _a3rd ed.
260 _aNew Delhi
_bHindustan Book Agency
_c2007
270 _aP 19, Green Park Ext.
_bNew Delhi
_cDelhi
_e110016
_mhba@vsnl.com
300 _axxvii, 694 p. ;
_c24 cm. (Pbk)
490 _aTexts and readings in mathematics
_v43
500 _aIncludes bibliographical references and index
650 _aMatrices
_xData processing.
700 _aVan Loan, Charles F.
942 _adpl
_cEN
_k512.9434 / GOL
_2ddc
_h512.9434
_mGOL
999 _c793
_d793